000 00360nam a22001457a 4500
005 20150907104530.0
008 150907b xxu||||| |||| 00| 0 eng d
040 _cPK-LaUMT
082 _aKHC 954.918
_bMUB-S
100 _aMubarak Ali
245 _aSindh observed
_cMubarak Ali
260 _aLahore
_bgautam publishers
_c[N.D]
300 _a303 p.
942 _cBK
999 _c75468
_d75468